Manual de botánica descriptiva o Resumen de las plantas que se encuentran en las cercanías de Madrid y de las que se cultivan en los jardines de la corte : (Record no. 51106)

MARC details
000 -LEADER
campo de control de longitud fija 01002nam a2200241 i 4500
001 - NÚMERO DE CONTROL
campo de control 51106
003 - IDENTIFICADOR DE NÚMERO DE CONTROL
campo de control ES-MaACL
005 - FECHA Y HORA DE LA ÚLTIMA TRANSACCIÓN
campo de control 20250928105312.0
007 - CAMPO FIJO DE DESCRIPCIÓN FÍSICA--INFORMACIÓN GENERAL
campo de control de longitud fija t|
008 - DATOS DE LONGITUD FIJA--INFORMACIÓN GENERAL
campo de control de longitud fija 030811s1848 sp ||||1| spa d
080 ## - NÚMERO DE LA CLASIFICACIÓN DECIMAL UNIVERSAL
Número de la Clasificación Decimal Universal 581.9(460.27)
100 1# - ENTRADA PRINCIPAL--NOMBRE DE PERSONA
Nombre de persona Cutanda, Vicente.
9 (RLIN) 42285
245 10 - MENCIÓN DEL TÍTULO
Título Manual de botánica descriptiva o Resumen de las plantas que se encuentran en las cercanías de Madrid y de las que se cultivan en los jardines de la corte :
Resto del título dispuesto según el método de familias naturales /
Mención de responsabilidad, etc. por Vicente Cutanda y Mariano del Amo.
260 ## - PUBLICACIÓN, DISTRIBUCIÓN, ETC.
Lugar de publicación, distribución, etc. Madrid :
Nombre del editor, distribuidor, etc. [s.n.,
Fecha de publicación, distribución, etc. 1848] (
Fabricante Imp. de Santiago Saunaque)
300 ## - DESCRIPCIÓN FÍSICA
Extensión XVI, 1155 p. ;
Dimensiones 15 cm.
500 ## - NOTA GENERAL
Nota general Índice.
530 ## - NOTA DISPONIBLE DE FORMULARIO FÍSICO ADICIONAL
Nota de formato físico adicional disponible Disponible en formato digital.
650 #4 - PUNTO DE ACCESO ADICIONAL DE MATERIA--TÉRMINO DE MATERIA
Término de materia o nombre geográfico como elemento de entrada Flora-
Subdivisión geográfica Madrid (Comunidad Autónoma)
9 (RLIN) 149813
700 1# - ENTRADA AGREGADA--NOMBRE PERSONAL
Nombre de persona Amo y Mora, Mariano del,
Fechas asociadas al nombre 1809-1894
9 (RLIN) 176335
852 4# - LOCALIZACIÓN
Ubicación ES-MaACL
Número de control de estantería F-13458
856 4# - LOCALIZACIÓN Y ACCESO ELECTRÓNICOS
Identificador Uniforme de Recursos <a href="http://bdh-rd.bne.es/viewer.vm?id=0000002370&page=1 ">http://bdh-rd.bne.es/viewer.vm?id=0000002370&page=1 </a>
Nota pública Biblioteca Digital Hispánica
Holdings
Estatus retirado Estado de pérdida Estado de daño No para préstamo Colección Biblioteca de origen Biblioteca actual Ubicación en estantería Fecha de adquisición Fuente de adquisición Total de préstamos Signatura topográfica completa Código de barras Visto por última vez Precio de reemplazo Tipo de ítem Koha
        Colección digital Biblioteca del Ateneo de Madrid Biblioteca del Ateneo de Madrid Sala Pecera Planta 2 17/01/2008     F-13458 1053748 23/02/2023 23/02/2023 Libro impreso antiguo